000 00910cam a22002415a 4500
001 E149255
008 100211s2010 xxkad f 000 0 eng d
020 _a9781907196027
035 _a(Sirsi) u149255
041 0 _aeng
050 0 4 _a690.24 $2 18
110 2 _aBuilding Cost Information Service
_91096
245 0 0 _aOccupancy costs of student halls of residence
260 _aLondon
_bBCIS
_c2010
300 _a94p.
_c30cm.
490 0 _aBCIS Special Report
_vFebruary 2010
520 _aProvides current occupancy benchmarks for two student residences and shows the projected annual occupancy costs for the schemes. Includes projected annual expenditure charts and details estimates for individual elemnts and components.
521 _aAdvanced
651 4 _aUnited Kingdom
_y
690 _aBUILT ENVIRONMENT-BUILDING COSTS
690 _aPROPERTY-PROPERTY MANAGEMENT-OCCUPANCY COSTS
942 _n0
999 _c110443
_d110443